[Event "AUS-ch U18"]
[Site "Gold Coast"]
[Date "2020.01.18"]
[Round "1"]
[White "Kiripitige, Chathula"]
[Black "Renjith, Sravan"]
[Result "1/2-1/2"]
[WhiteElo "1735"]
[BlackElo "2029"]
[PlyCount "127"]
[EventDate "2020.01.18"]
[EventType "swiss"]
[EventRounds "9"]
[EventCountry "AUS"]
[SourceTitle "EXT 2021"]
[Source "ChessBase"]
[SourceDate "2020.10.23"]
[SourceVersion "1"]
[SourceVersionDate "2020.10.23"]
[SourceQuality "1"]

1. e4 e5 2. Nf3 Nc6 3. Bb5 Nf6 4. 0-0 Nxe4 5. Re1 Nd6 6. Bxc6 dxc6 7. Nxe5 Be7 8. d4 0-0 9. Nc3 Nf5 10. d5 cxd5 11. Nxd5 Bd6 12. Nc4 Bxh2+ 13. Kxh2 Qh4+ 14. Kg1 Qxc4 15. b3 Qc5 16. a4 Be6 17. Re5 Qd4 18. Qxd4 Nxd4 19. Nxc7 Nxc2 20. Nxe6 fxe6 21. Ra2 Nb4 22. Rd2 Rfe8 23. Rb5 Nd5 24. Rxb7 Reb8 25. Rxb8+ Rxb8 26. Rd3 Rc8 27. Bd2 Kf7 28. b4 Rc4 29. Rb3 Ke7 30. Kf1 Kd7 31. Ke2 e5 32. Rh3 h6 33. Rg3 g5 34. Rh3 Nxb4 35. Rxh6 Nc6 36. a5 g4 37. f3 gxf3+ 38. gxf3 Ra4 39. Bc3 Ra3 40. Kd3 Nd4 41. Kc4 Nxf3 42. Rh7+ Ke6 43. Rxa7 e4 44. Re7+ Kf5 45. Kb4 Ra2 46. Kb3 Rh2 47. a6 Rh6 48. a7 Ra6 49. Kc4 e3 50. Kb5 Ra2 51. Kb6 Nd2 52. Kb7 Ne4 53. Re5+ Kf4 54. Ra5 Nxc3 55. a8Q Rxa5 56. Qxa5 Ne4 57. Qe1 Kf3 58. Kc6 e2 59. Kd5 Ke3 60. Ke5 Nd2 61. Qg1+ Kd3 62. Qg3+ Kc2 63. Kd4 e1Q 64. Qxe1 1/2-1/2

[Event "Adelaide Lidums op"]
[Site "Adelaide"]
[Date "2019.12.13"]
[Round "9"]
[White "He, Caleb"]
[Black "Kiripitige, Chathula"]
[Result "0-1"]
[WhiteElo "1668"]
[BlackElo "1668"]
[PlyCount "92"]
[EventDate "2019.12.07"]
[EventType "swiss"]
[EventRounds "9"]
[EventCountry "AUS"]
[SourceTitle "CBM 193 Extra"]
[Source "ChessBase"]
[SourceDate "2020.01.31"]
[SourceVersion "1"]
[SourceVersionDate "2020.01.31"]
[SourceQuality "1"]

1. c4 e5 2. g3 Nf6 3. Bg2 Bc5 4. Nc3 c6 5. e3 0-0 6. Nge2 d5 7. cxd5 cxd5 8. d4 exd4 9. exd4 Bb6 10. 0-0 h6 11. Nf4 Nc6 12. Be3 Be6 13. Nh5 Nxh5 14. Qxh5 Bxd4 15. Bxd4 Nxd4 16. Nxd5 Bxd5 17. Bxd5 Qb6 18. b3 Rad8 19. Bg2 Rd6 20. Rac1 Qa6 21. Rc7 Qxa2 22. Rxb7 a5 23. Re1 Rf6 24. f4 Ne6 25. Qe5 Qd2 26. Re2 Qd1+ 27. Kf2 Nd8 28. Rb5 Re6 29. Qb2 Rfe8 30. Bf3 Rxe2+ 31. Bxe2 Qh1 32. Rxa5 Qxh2+ 33. Kf3 Ne6 34. Re5 Qh1+ 35. Kf2 Qh2+ 36. Kf3 f6 37. Re3 Qh1+ 38. Kf2 Qh2+ 39. Kf3 Qh1+ 40. Kf2 Qh2+ 41. Ke1 Qg1+ 42. Kd2 Rd8+ 43. Bd3 Qf2+ 44. Re2 Qxg3 45. Rxe6 Qxd3+ 46. Ke1 Qd1+ 0-1

[Event "Adelaide Lidums op"]
[Site "Adelaide"]
[Date "2019.12.10"]
[Round "6"]
[White "Kiripitige, Chathula"]
[Black "Retnaraja, Ethan"]
[Result "1/2-1/2"]
[WhiteElo "1668"]
[BlackElo "1433"]
[PlyCount "111"]
[EventDate "2019.12.07"]
[EventType "swiss"]
[EventRounds "9"]
[EventCountry "AUS"]
[SourceTitle "CBM 193 Extra"]
[Source "ChessBase"]
[SourceDate "2020.01.31"]
[SourceVersion "1"]
[SourceVersionDate "2020.01.31"]
[SourceQuality "1"]

1. e4 c5 2. Nf3 d6 3. d4 cxd4 4. Nxd4 Nf6 5. Nc3 a6 6. Be3 e5 7. Nb3 Be6 8. Be2 Nbd7 9. f4 b5 10. a3 Be7 11. f5 Bxb3 12. cxb3 h5 13. 0-0 Nc5 14. Bf3 Rc8 15. b4 Ncd7 16. Rc1 Nb6 17. b3 Rc6 18. Qe2 Qd7 19. Rc2 h4 20. Rfc1 0-0 21. Bg5 d5 22. exd5 Nbxd5 23. Bxf6 Nxc3 24. Qe1 Rxf6 25. Rxc3 Qxf5 26. Qxh4 Re6 27. Qe1 e4 28. Bd1 Bg5 29. R1c2 e3 30. Rc5 Qf6 31. Bg4 Rd6 32. Qf1 Qxf1+ 33. Kxf1 Bh6 34. Rc6 Rfd8 35. a4 Rd4 36. Rc8 Rxc8 37. Rxc8+ Kh7 38. axb5 axb5 39. Be2 Rxb4 40. Rc5 Rxb3 41. Rxb5 Rc3 42. Rb1 f5 43. g3 g5 44. Rb7+ Bg7 45. g4 f4 46. Kg2 Kg6 47. Kf3 Kf6 48. Rd7 Bf8 49. Rd1 Rc2 50. Rf1 Ke5 51. Rd1 Rd2 52. Rf1 Bc5 53. Rb1 Rxe2 54. Kxe2 Ke4 55. Rf1 Bd6 56. h3 1/2-1/2

[Event "Adelaide Lidums op"]
[Site "Adelaide"]
[Date "2019.12.09"]
[Round "5"]
[White "Badrinarayan, Sankeertan"]
[Black "Kiripitige, Chathula"]
[Result "1-0"]
[WhiteElo "1900"]
[BlackElo "1668"]
[PlyCount "95"]
[EventDate "2019.12.07"]
[EventType "swiss"]
[EventRounds "9"]
[EventCountry "AUS"]
[SourceTitle "CBM 193 Extra"]
[Source "ChessBase"]
[SourceDate "2020.01.31"]
[SourceVersion "1"]
[SourceVersionDate "2020.01.31"]
[SourceQuality "1"]

1. Nf3 d5 2. g3 Nf6 3. Bg2 c5 4. 0-0 Nc6 5. d3 e5 6. e4 d4 7. a4 Bd6 8. Na3 0-0 9. Bd2 h6 10. Nh4 Re8 11. Nc4 Bc7 12. h3 a6 13. Qe1 Be6 14. a5 Rb8 15. b3 Bxc4 16. bxc4 b5 17. axb6 Rxb6 18. Qc1 Kh7 19. Qa3 Nb4 20. Rac1 g6 21. Bxb4 cxb4 22. Qa2 Kg7 23. Ra1 Qd6 24. Nf3 Rc6 25. Qa4 a5 26. Nxe5 Ra6 27. Ng4 Qe6 28. Nxf6 Kxf6 29. f4 Kg7 30. e5 Rb8 31. Kh2 g5 32. Bd5 Qe7 33. fxg5 Qxe5 34. Rxf7+ Kh8 35. Rg1 hxg5 36. Qd7 Rh6 37. Be4 Kg8 38. Rh7 Rf8 39. Rxh6 Rf7 40. Bd5 Qe2+ 41. Kh1 Qf3+ 42. Bxf3 Rxd7 43. Bd5+ Kg7 44. Ra6 Re7 45. Re6 Rf7 46. Kg2 Rd7 47. Ra6 Bd8 48. Rf1 1-0

[Event "World ol U16"]
[Site "Corum"]
[Date "2019.11.03"]
[Round "7.21"]
[White "Hatirli, Ugur Can"]
[Black "Kiripitige, Chathula"]
[Result "1-0"]
[WhiteElo "1852"]
[BlackElo "1665"]
[PlyCount "59"]
[EventDate "2019.10.29"]
[EventType "team-swiss"]
[EventRounds "9"]
[EventCountry "TUR"]
[SourceTitle "CBM 192 Extra"]
[Source "Chessbase"]
[SourceDate "2019.11.06"]
[SourceVersion "1"]
[SourceVersionDate "2019.11.06"]
[SourceQuality "1"]
[WhiteTeam "Turkey Corum"]
[BlackTeam "Australia"]
[WhiteTeamCountry "TUR"]
[BlackTeamCountry "AUS"]

1. Nf3 Nf6 2. d4 d5 3. g3 e6 4. Bg2 Nbd7 5. 0-0 Be7 6. c4 c6 7. Qc2 0-0 8. Rd1 Re8 9. Nbd2 b6 10. b3 Bb7 11. Bb2 Rc8 12. Rac1 Bd6 13. e4 dxe4 14. Ng5 c5 15. Ngxe4 Nxe4 16. Nxe4 Bxe4 17. Bxe4 f5 18. Bg2 Qg5 19. dxc5 Bxg3 20. hxg3 Nxc5 21. Qd2 Qg6 22. Qe3 Red8 23. b4 f4 24. Rxd8+ Rxd8 25. Qxf4 Nd3 26. Qd2 Rf8 27. Rf1 h5 28. Qe2 Nf4 29. gxf4 Rxf4 30. Re1 1-0

[Event "AUS-ch Major"]
[Site "Cammeray"]
[Date "2018.01.10"]
[Round "9"]
[White "Marsh, Luke"]
[Black "Kiripitige, Chathula"]
[Result "1-0"]
[WhiteElo "1723"]
[BlackElo "1666"]
[PlyCount "117"]
[EventDate "2018.01.02"]
[EventType "swiss"]
[EventRounds "11"]
[EventCountry "AUS"]
[SourceTitle "CBM 182 Extra"]
[Source "ChessBase"]
[SourceDate "2018.02.23"]
[SourceVersion "1"]
[SourceVersionDate "2018.02.23"]
[SourceQuality "1"]

1. e4 e5 2. Nf3 Nc6 3. d4 exd4 4. Nxd4 Be7 5. Nc3 Nf6 6. Bf4 Nxd4 7. Qxd4 d6 8. Bc4 a6 9. 0-0-0 0-0 10. e5 dxe5 11. Qxe5 Bd6 12. Qe3 Re8 13. Qd2 b5 14. Bxd6 Qxd6 15. Qxd6 cxd6 16. Bb3 Rd8 17. f3 Be6 18. Bxe6 fxe6 19. Rhe1 Kf7 20. Re3 Rd7 21. Ne4 Nxe4 22. Rxe4 Rc8 23. Rde1 Re7 24. Rh4 h6 25. Rf4+ Ke8 26. Rd4 Rc6 27. Rde4 d5 28. Re5 Kf7 29. f4 Rec7 30. R1e2 g6 31. h3 d4 32. Rd2 d3 33. c3 b4 34. Rxd3 bxc3 35. b3 Kf6 36. Kc2 g5 37. Re4 Kf5 38. Rdd4 Rg7 39. fxg5 e5 40. g4+ Kxg5 41. Rxe5+ Kg6 42. Rc4 Rf6 43. Rxc3 Rgf7 44. Rec5 Rf2+ 45. Kb1 Rf1+ 46. Kb2 R7f2+ 47. Rc2 Rxc2+ 48. Rxc2 Rf6 49. b4 Kg5 50. Rc3 Kf4 51. Kb3 Ke4 52. a4 Rb6 53. Rc4+ Kd5 54. Rc5+ Kd4 55. Rc8 Ke5 56. Kc4 Kf4 57. b5 axb5+ 58. axb5 Kg3 59. Rc6 1-0

[Event "AUS-ch Major"]
[Site "Cammeray"]
[Date "2018.01.08"]
[Round "7"]
[White "Rewais, Sarwat"]
[Black "Kiripitige, Chathula"]
[Result "1-0"]
[WhiteElo "1864"]
[BlackElo "1666"]
[PlyCount "63"]
[EventDate "2018.01.02"]
[EventType "swiss"]
[EventRounds "11"]
[EventCountry "AUS"]
[SourceTitle "CBM 182 Extra"]
[Source "ChessBase"]
[SourceDate "2018.02.23"]
[SourceVersion "1"]
[SourceVersionDate "2018.02.23"]
[SourceQuality "1"]

1. f4 d5 2. Nf3 c5 3. e3 Nc6 4. Bb5 Bd7 5. 0-0 Qb6 6. a4 e6 7. Kh1 Bd6 8. b3 Nf6 9. Bb2 0-0-0 10. Ne5 Rdf8 11. c4 Bxe5 12. fxe5 Ne8 13. d4 a6 14. Bxc6 Bxc6 15. Ba3 Qc7 16. Bxc5 Rfg8 17. cxd5 Bxd5 18. Nc3 Qd7 19. Nxd5 exd5 20. Rc1 Kb8 21. a5 f6 22. Qf3 Qe6 23. Qg3 f5 24. Qg5 Nf6 25. exf6 gxf6 26. Qf4+ Ka8 27. Qxf5 Qxe3 28. Qxd5 Rg5 29. Qf3 Qd2 30. Rcd1 Qc2 31. Rf2 Qg6 32. Qxf6 1-0

[Event "AUS-ch Major"]
[Site "Cammeray"]
[Date "2018.01.06"]
[Round "6"]
[White "Ball, Christopher"]
[Black "Kiripitige, Chathula"]
[Result "1/2-1/2"]
[WhiteElo "1874"]
[BlackElo "1666"]
[PlyCount "110"]
[EventDate "2018.01.02"]
[EventType "swiss"]
[EventRounds "11"]
[EventCountry "AUS"]
[SourceTitle "CBM 182 Extra"]
[Source "ChessBase"]
[SourceDate "2018.02.23"]
[SourceVersion "1"]
[SourceVersionDate "2018.02.23"]
[SourceQuality "1"]

1. d4 d5 2. Bf4 Nf6 3. e3 Bf5 4. Bd3 Bg6 5. Nf3 e6 6. Ne5 Bxd3 7. Qxd3 c6 8. Nd2 Nbd7 9. 0-0 Nxe5 10. Bxe5 Bd6 11. f4 0-0 12. Rf3 Ng4 13. h3 Nh6 14. Bxd6 Qxd6 15. e4 f5 16. exd5 cxd5 17. Re1 Rae8 18. g3 Qc6 19. Qb3 b5 20. Rc3 Qb6 21. Nf3 Rc8 22. Rxc8 Rxc8 23. c3 Nf7 24. Ne5 Nxe5 25. Rxe5 Kf7 26. Qc2 g6 27. Qd2 a5 28. a3 b4 29. cxb4 axb4 30. Qxb4 Qxb4 31. axb4 Rc4 32. Re2 Rxd4 33. b3 Rxb4 34. Rb2 Ke7 35. Kf2 Kd6 36. Ke3 Kc5 37. Kd3 Rd4+ 38. Kc3 Re4 39. Rd2 Re3+ 40. Rd3 Rxd3+ 41. Kxd3 Kb4 42. Kc2 d4 43. Kd3 Kc5 44. h4 Kd5 45. b4 e5 46. fxe5 Kxe5 47. b5 Kd5 48. b6 Kc6 49. Kxd4 Kxb6 50. Ke5 Kc5 51. Kf6 Kd4 52. Kg7 Ke3 53. Kxh7 Kf3 54. Kxg6 Kxg3 55. Kxf5 Kxh4 1/2-1/2

[Event "AUS-ch Major"]
[Site "Cammeray"]
[Date "2018.01.03"]
[Round "3"]
[White "Kiripitige, Chathula"]
[Black "Lilly, Richard"]
[Result "1-0"]
[WhiteElo "1666"]
[BlackElo "1698"]
[PlyCount "117"]
[EventDate "2018.01.02"]
[EventType "swiss"]
[EventRounds "11"]
[EventCountry "AUS"]
[SourceTitle "CBM 182 Extra"]
[Source "ChessBase"]
[SourceDate "2018.02.23"]
[SourceVersion "1"]
[SourceVersionDate "2018.02.23"]
[SourceQuality "1"]

1. e4 e6 2. d4 d5 3. exd5 exd5 4. Bd3 Nf6 5. Ne2 Bd6 6. c3 0-0 7. Bg5 Re8 8. Qc2 h6 9. Bh4 Nbd7 10. Nd2 c6 11. 0-0-0 b5 12. Rde1 Qb6 13. Bg3 Bf8 14. a3 a5 15. b4 axb4 16. axb4 Ra4 17. Kb2 Qa7 18. Ra1 Nb6 19. Be5 Ng4 20. Bg3 Bb7 21. Nb3 Ra8 22. h3 Nf6 23. Qb1 Ne4 24. f3 Nxg3 25. Nxg3 Qb8 26. Ne2 Rxa1 27. Nxa1 Nc4+ 28. Bxc4 bxc4 29. Qf5 Qe8 30. Qe5 Qd7 31. Re1 Bd6 32. Qe3 Re8 33. Qd2 Bc8 34. Nc2 Qc7 35. Rb1 Bf5 36. g4 Bd3 37. Re1 Qb8 38. Nc1 Bh7 39. Rxe8+ Qxe8 40. Qe3 Qb8 41. Ne2 Kf8 42. Ne1 Qa8 43. Qd2 g5 44. Ng2 Bd3 45. Nc1 Bf1 46. Qf2 Bxg2 47. Qxg2 Bf4 48. Qc2 Bxc1+ 49. Qxc1 Qa4 50. Qc2 Qxc2+ 51. Kxc2 Kg7 52. Kb2 Kf6 53. Ka3 Ke6 54. Ka4 Kd6 55. Ka5 Kc7 56. Ka6 f6 57. Ka7 Kd7 58. Kb7 Kd6 59. Kc8 1-0